000 00955nam a2200253Ia 4500
003 OSt
005 20221005112307.0
006 a|||||r|||| 00| 0
007 ta
008 221004b |||||||| |||| 00| 0 pan d
020 _a9788178563978 (hbk)
_c250
024 _a26805
037 _b995, 17/12/2015, H.K. Prakashan
_cTextual
040 _aCRL
_cCRL
_bpan
041 _2pan
_apan
082 _aO153:g, Q3
100 _aਸਿੰਘ, Fੈਰੀ
_9624309
245 0 _aਵਿਹਾਰਕ ਆਲੋਚਨਾ
_b ਅਣਡਿੱਠੇ ਪੈਰੇ ਅਤੇ ਪ੍ਰਸੰਗ ਸਾਹਿਤ ਵਿਆਖਿਆ
260 _aਅੰਮ੍ਰਿਤਸਰ
_bਵਾਰਿਸ Fਾਹ ਖ਼ਾਉ੍ਵਡੇFਨ ਭਾਰਤ
_c2013
300 _a174ਪੰ
_ccm.
650 _aਪੰਜਾਬੀ ਸਾਹਿਤ
942 _hO153:g, Q3
_cTEXL
_2cc
999 _c1024454
_d1024454